Countries with the Largest Islands A-Z - Statistics

General Stats
  • This quiz has been taken 157 times
    138 since last reset
  • The average score is 19 of 24
Answer Stats
Letter Country % Correct
A Australia
95%
I Indonesia
93%
U United Kingdom
93%
D Denmark
92%
J Japan
92%
C Canada
91%
Q Qatar
89%
R Russia
89%
Z Zambia
88%
Y Yemen
87%
O Oman
86%
F France
84%
H Haiti
84%
V Vanuatu
83%
M Malaysia
76%
E Ecuador
75%
N New Zealand
72%
K Kiribati
69%
T Taiwan
68%
G Greece
58%
P Papua New Guinea
58%
B Brunei
55%
S Sri Lanka
54%
L Laos
53%
No matching quizzes found
Score Distribution
Percent of People with Each Score
Percentile by Number Answered
Your Score History
You have not taken this quiz since the last reset